[Event "Saint Denis op"]
[Site "Saint Denis"]
[Date "2022.10.13"]
[Round "5"]
[White "Lam Kin Cheung, Youn Ha"]
[Black "Khantalina, Ilariya"]
[Result "0-1"]
[WhiteElo "1199"]
[BlackElo "1099"]
[PlyCount "62"]
[EventDate "2022.10.13"]
[EventType "swiss"]
[EventRounds "9"]
[EventCountry "RUF"]
[SourceTitle "EXT 2024"]
[Source "ChessBase"]
[SourceDate "2023.10.10"]
[SourceVersion "1"]
[SourceVersionDate "2023.10.10"]
[SourceQuality "1"]

1. d4 d5 2. c4 e6 3. Nf3 Nf6 4. Nc3 Nc6 5. e3 Bd6 6. Bd3 a6 7. 0-0 0-0 8. cxd5 exd5 9. Bd2 Re8 10. Re1 h6 11. h3 Ne4 12. Bxe4 dxe4 13. Nxe4 Rxe4 14. Rc1 Bb4 15. Bxb4 Nxb4 16. a3 Nd5 17. Re2 Qe7 18. Qd2 Nf4 19. Kf1 Nxe2 20. Qxe2 c6 21. Qc2 Re6 22. Re1 Re4 23. Qd3 g6 24. Re2 Bf5 25. b3 Re6 26. Qd1 Qxa3 27. Nh4 Be4 28. f3 Bd5 29. e4 Bxb3 30. Qe1 Bc4 31. Qf2 Qc1+ 0-1